000 00642nam a22001817a 4500
999 _c11482
_d11482
008 181205b ||||| |||| 00| 0 eng
020 _a978-1-4742-7486-9
082 _22018
_aDC 401
_bN227
100 _aNava, Andrea.
_932914
245 _aSecond language acquisition in action:
_bprinciples from practice/
_cAndrea Nava, Luciana Pedrazzini
260 _aLondon:
_bBloomsbury,
_c©2018.
300 _axi, 225 pages.
_billustrations;
_c24 cm.
500 _aIncludes bibliographical reference and indexes.
650 _aSecond language acquisition
_932915
700 _aPedrazzini, Luciana.
_932916
365 _b3,093
_cPhp
942 _2ddc
_cDC